[Event "European Team Championship"]
[Site "Reykjavik ISL"]
[Date "2015.11.17"]
[EventDate "2015.11.13"]
[Round "5.17"]
[Result "0-1"]
[White "Helgi Olafsson"]
[Black "Markus Ragger"]
[WhiteElo "2549"]
[BlackElo "2688"]
[PlyCount "134"]

1. d4 Nf6 2. c4 g6 3. Nf3 Bg7 4. g3 c5 5. Bg2 O-O 6. O-O cxd4
7. Nxd4 Nc6 8. Nc2 d6 9. Nc3 Be6 10. b3 Qd7 11. Bg5 h6
12. Bxf6 Bxf6 13. Qd2 Bh3 14. Rad1 Rfd8 15. Nd5 Bg7 16. Bxh3
Qxh3 17. e4 Rac8 18. Qe2 Qd7 19. f4 e6 20. Nde3 Qe7 21. h4 h5
22. g4 Qxh4 23. gxh5 Qxh5 24. Qxh5 gxh5 25. Kf2 Ne7 26. Rh1 d5
27. exd5 exd5 28. Rxh5 dxc4 29. Rxd8+ Rxd8 30. bxc4 f5 31. Kf3
Rc8 32. Na3 a6 33. Nxf5 Nxf5 34. Rxf5 b5 35. c5 Bf8 36. Nc2
Bxc5 37. Ke4 Bf8 38. Kd3 Rc4 39. Nd4 Ra4 40. Rg5+ Kf7 41. Rg2
Bd6 42. f5 Kf6 43. Re2 Be5 44. Nc6 Ba1 45. Rf2 Rc4 46. Na5
Rd4+ 47. Ke3 Ra4 48. Nb3 Be5 49. Kd3 Bd6 50. Rc2 Kxf5 51. Nc5
Bxc5 52. Rxc5+ Ke6 53. Rc2 Kd5 54. Rb2 Rc4 55. Rh2 Kc5 56. Rb2
Rh4 57. Kc2 Rh2+ 58. Kb1 Rxb2+ 59. Kxb2 Kb4 60. a3+ Kc4
61. Kc2 a5 62. Kb2 Kd3 63. Kb3 Kd2 64. a4 b4 65. Kb2 Ke3
66. Kc2 Ke2 67. Kc1 Kd3 0-1

[Event "European Team Championship"]
[Site "Reykjavik ISL"]
[Date "2015.11.17"]
[EventDate "2015.11.13"]
[Round "5.18"]
[Result "1/2-1/2"]
[White "Steven Geirnaert"]
[Black "Graham Morrison"]
[WhiteElo "2449"]
[BlackElo "2323"]
[PlyCount "109"]

1. d4 Nf6 2. c4 e6 3. Nc3 Bb4 4. e3 O-O 5. Bd3 d5 6. Nf3 c5
7. O-O Nc6 8. a3 Bxc3 9. bxc3 dxc4 10. Bxc4 Qc7 11. Bb2 e5
12. h3 Bf5 13. Qe2 Rad8 14. Bb5 e4 15. Nd2 Bg6 16. f4 exf3
17. Qxf3 Rfe8 18. c4 cxd4 19. exd4 Rxd4 20. Bxc6 Rd3 21. Bxe8
Rxf3 22. Bxf7+ Bxf7 23. Nxf3 h6 24. Bxf6 gxf6 25. Nd2 Bxc4
26. Rac1 Qb6+ 27. Rf2 Bd5 28. Rc3 Kf7 29. Nf1 Qd4 30. Rc7+ Kg6
31. Re7 Qc5 32. Re3 b5 33. Rg3+ Kf7 34. Ne3 Be6 35. Rf4 a5
36. Rgf3 Qc1+ 37. Kh2 Qc7 38. g3 Qe5 39. Nc2 Bd7 40. Rf2 Kg6
41. R4f3 Kf7 42. Ne3 Kg7 43. Ng2 b4 44. axb4 axb4 45. Nf4 Bc6
46. Nd3 Qe4 47. Nxb4 Qxb4 48. Rxf6 Bd5 49. R6f4 Qb1 50. Rf1
Qc2+ 51. R4f2 Qe4 52. Rd2 h5 53. Rxd5 Qxd5 54. h4 Kg6 55. Rf4
1/2-1/2

[Event "European Team Championship"]
[Site "Reykjavik ISL"]
[Date "2015.11.17"]
[EventDate "2015.11.13"]
[Round "5.18"]
[Result "1-0"]
[White "Stef Soors"]
[Black "Andrew Burnett"]
[WhiteElo "2394"]
[BlackElo "2234"]
[PlyCount "97"]

1. e4 c5 2. c3 d6 3. d4 Nf6 4. f3 d5 5. e5 Ng8 6. f4 cxd4
7. cxd4 Nc6 8. Nc3 Nh6 9. Be2 Nf5 10. Nf3 e6 11. a3 Bd7 12. b4
Rc8 13. Qd2 Be7 14. Bb2 O-O 15. O-O a5 16. g4 axb4 17. axb4
Nh6 18. b5 Na5 19. Rxa5 Qxa5 20. Nxd5 Qd8 21. Nxe7+ Qxe7
22. h3 f5 23. exf6 Qxf6 24. Ne5 Qh4 25. Kg2 Rc7 26. Bd3 Rfc8
27. Rf2 Be8 28. Qe3 Qd8 29. Kg3 b6 30. Qe4 g6 31. Nc6 Bxc6
32. Qxe6+ Nf7 33. bxc6 Re7 34. Qc4 Re3+ 35. Rf3 b5 36. Qc5 Qe8
37. d5 Rxf3+ 38. Kxf3 Qe1 39. Qd4 Qd1+ 40. Kf2 Qd2+ 41. Be2
Qxd4+ 42. Bxd4 b4 43. Ba6 Ra8 44. c7 Nd6 45. Be5 Rxa6 46. Bxd6
Ra2+ 47. Ke3 Rc2 48. Kd4 Rd2+ 49. Kc4 1-0

[Event "European Team Championship"]
[Site "Reykjavik ISL"]
[Date "2015.11.19"]
[EventDate "2015.11.13"]
[Round "6.3"]
[Result "1/2-1/2"]
[White "Erwin L'Ami"]
[Black "Teimour Radjabov"]
[WhiteElo "2623"]
[BlackElo "2739"]
[PlyCount "76"]

1. d4 Nf6 2. c4 g6 3. Nc3 Bg7 4. e4 d6 5. Nf3 O-O 6. Be2 e5
7. O-O Nc6 8. dxe5 dxe5 9. Bg5 Bg4 10. Qxd8 Nxd8 11. Bxf6 Bxf6
12. Nd5 Kg7 13. Nxc7 Rc8 14. Nd5 Bxf3 15. gxf3 Ne6 16. Kg2
Nf4+ 17. Nxf4 exf4 18. Rfd1 Rfd8 19. Rd5 Rxd5 20. exd5 b6
21. Rb1 a5 22. b4 axb4 23. Rxb4 Ra8 24. a4 Bd4 25. Bd1 Bc5
26. Rb2 Ra7 27. Kf1 Kf6 28. Rd2 Ke5 29. Bb3 Kd6 30. Re2 Re7
31. Ra2 Bb4 32. Ra1 h5 33. h3 Kc5 34. Rd1 Kd6 35. Rb1 Kc5
36. Rd1 Kd6 37. Rb1 Kc5 38. Rd1 Kd6 1/2-1/2

[Event "European Team Championship"]
[Site "Reykjavik ISL"]
[Date "2015.11.19"]
[EventDate "2015.11.13"]
[Round "6.13"]
[Result "1-0"]
[White "Emre Can"]
[Black "Joseph G Gallagher"]
[WhiteElo "2535"]
[BlackElo "2444"]
[PlyCount "57"]

1. d4 f5 2. Nf3 Nf6 3. g3 e6 4. Bg2 Be7 5. O-O O-O 6. c4 d6
7. b3 Ne4 8. Bb2 Bf6 9. Nbd2 Nc6 10. a3 a5 11. e3 Qe7 12. Rc1
Kh8 13. Qc2 Nxd2 14. Nxd2 e5 15. d5 Nd8 16. c5 Nf7 17. cxd6
cxd6 18. Nc4 Qd8 19. a4 Bd7 20. f4 Rc8 21. Qd2 b5 22. Nxd6
Rxc1 23. Nxf7+ Rxf7 24. Rxc1 exf4 25. Bxf6 Rxf6 26. exf4 bxa4
27. bxa4 Bxa4 28. Qxa5 Qe8 29. Re1 1-0

[Event "European Team Championship"]
[Site "Reykjavik ISL"]
[Date "2015.11.19"]
[EventDate "2015.11.13"]
[Round "6.15"]
[Result "0-1"]
[White "Rogvi Egilstoft Nielsen"]
[Black "Hjorvar Steinn Gretarsson"]
[WhiteElo "2275"]
[BlackElo "2561"]
[PlyCount "68"]

1. e4 c5 2. c3 Nf6 3. e5 Nd5 4. d4 cxd4 5. Nf3 e6 6. cxd4 d6
7. a3 Nc6 8. Bd3 Be7 9. O-O b6 10. Nbd2 Bb7 11. Nc4 dxe5
12. dxe5 h6 13. b4 Qc7 14. Bb2 a6 15. Rc1 Rd8 16. Qb3 Nf4
17. Rfd1 Nxd3 18. Rxd3 O-O 19. Rxd8 Rxd8 20. Qe3 b5 21. Na5
Qd7 22. Nxb7 Qxb7 23. Qe4 Rd5 24. Qc2 a5 25. bxa5 Nxa5 26. h3
Nc4 27. a4 Nxb2 28. Qxb2 b4 29. Rc4 Bc5 30. Nd2 Qc6 31. Qc2
Rxe5 32. Ne4 b3 33. Qd3 b2 34. Nxc5 Re1+ 0-1

[Event "European Team Championship"]
[Site "Reykjavik ISL"]
[Date "2015.11.19"]
[EventDate "2015.11.13"]
[Round "6.17"]
[Result "0-1"]
[White "Mikkel Manosri Jacobsen"]
[Black "Stef Soors"]
[WhiteElo "2210"]
[BlackElo "2394"]
[PlyCount "44"]

1. d4 Nf6 2. c4 e6 3. Nf3 Bb4+ 4. Nbd2 d6 5. a3 Bxd2+ 6. Qxd2
Nbd7 7. e3 e5 8. Qc2 O-O 9. Be2 Re8 10. O-O a5 11. b3 Qe7
12. Re1 e4 13. Nd2 Nf8 14. d5 Bg4 15. Nxe4 Bxe2 16. Nxf6+ Qxf6
17. Qxe2 Qxa1 18. Bb2 Qa2 19. Qc2 a4 20. bxa4 b5 21. Qc3 f6
22. axb5 Ra4 0-1

[Event "European Team Championship"]
[Site "Reykjavik ISL"]
[Date "2015.11.19"]
[EventDate "2015.11.13"]
[Round "6.5"]
[Result "0-1"]
[White "Frode Olav Olsen Urkedal"]
[Black "Csaba Balogh"]
[WhiteElo "2505"]
[BlackElo "2645"]
[PlyCount "59"]

1. d4 d5 2. c4 c6 3. Nf3 Nf6 4. Nc3 dxc4 5. a4 e6 6. e4 Bb4
7. e5 Nd5 8. Bd2 b5 9. axb5 Bxc3 10. bxc3 cxb5 11. Ng5 Nd7
12. Qh5 Qe7 13. h4 Bb7 14. Rh3 h6 15. Ne4 Nf4 16. Bxf4 Bxe4
17. Qg4 f5 18. Qh5+ Qf7 19. Qd1 Nb6 20. Ra5 a6 21. Qa1 O-O
22. Rg3 Kh7 23. Rxa6 Qb7 24. Rxa8 Rxa8 25. Qb2 Ra5 26. Be2 Qa7
27. f3 Bd3 28. Bd1 Nd5 29. Bc1 b4 30. Qf2 0-1

[Event "European Team Championship"]
[Site "Reykjavik ISL"]
[Date "2015.11.19"]
[EventDate "2015.11.13"]
[Round "6.7"]
[Result "1-0"]
[White "Alexey Shirov"]
[Black "Milos Perunovic"]
[WhiteElo "2689"]
[BlackElo "2624"]
[PlyCount "95"]

1. e4 c5 2. Nf3 e6 3. d4 cxd4 4. Nxd4 Nc6 5. Nc3 Qc7 6. Be3 a6
7. Qf3 Bd6 8. O-O-O Be5 9. Nxc6 bxc6 10. Bd4 Bxd4 11. Rxd4 Nf6
12. Qg3 Qxg3 13. hxg3 d5 14. exd5 cxd5 15. Bd3 h6 16. Re1 O-O
17. Na4 a5 18. Nb6 Rb8 19. Nxc8 Rfxc8 20. b3 Nd7 21. Kb2 Nc5
22. Bf1 g5 23. f3 Rb6 24. a4 Nb7 25. Bd3 Kg7 26. f4 Nc5
27. Bb5 Ne4 28. c4 Nxg3 29. fxg5 Nf5 30. gxh6+ Kf6 31. Rf4 Kg5
32. g3 dxc4 33. Rxc4 Rh8 34. Rc5 Kg4 35. Bd3 Nxg3 36. h7 f5
37. Rc7 Kf3 38. Re5 Kf4 39. Rxa5 e5 40. Ra6 Rbb8 41. a5 e4
42. Bc4 Ke3 43. Rg6 f4 44. a6 Kf2 45. a7 Rbd8 46. Rg8 e3
47. Rxh8 Rxh8 48. Bg8 1-0

[Event "European Team Championship"]
[Site "Reykjavik ISL"]
[Date "2015.11.19"]
[EventDate "2015.11.13"]
[Round "6.8"]
[Result "1/2-1/2"]
[White "Mika Karttunen"]
[Black "Mateusz Bartel"]
[WhiteElo "2426"]
[BlackElo "2624"]
[PlyCount "80"]

1. d4 d5 2. Nf3 c6 3. g3 Nf6 4. Bg2 g6 5. O-O Bg7 6. c4 dxc4
7. a4 Ne4 8. Qc2 Nd6 9. Nbd2 Be6 10. Ng5 Qc8 11. Nxe6 Qxe6
12. e3 Na6 13. a5 O-O 14. Ra4 c5 15. Nxc4 cxd4 16. Nxd6 d3
17. Qxd3 Nc5 18. Qb5 exd6 19. Ra3 a6 20. Qb4 Rac8 21. Rd1 Rfe8
22. Bd2 d5 23. Bc3 Bxc3 24. Rxc3 Ne4 25. Bxe4 dxe4 26. Rxc8
Qxc8 27. Rd4 Qc6 28. Kg2 h5 29. Rd6 Qc8 30. h3 Qf5 31. Qb6
Qf3+ 32. Kg1 Rc8 33. Rd8+ Rxd8 34. Qxd8+ Kg7 35. Qd7 g5
36. Qxb7 Qd1+ 37. Kg2 Qf3+ 38. Kg1 Qd1+ 39. Kg2 Qf3+ 40. Kg1
Qd1+ 1/2-1/2

[Event "European Team Championship"]
[Site "Reykjavik ISL"]
[Date "2015.11.19"]
[EventDate "2015.11.13"]
[Round "6.9"]
[Result "1/2-1/2"]
[White "Michael Adams"]
[Black "Nils Grandelius"]
[WhiteElo "2744"]
[BlackElo "2644"]
[PlyCount "83"]

1. e4 c5 2. Nf3 Nf6 3. Nc3 d5 4. Bb5+ Bd7 5. e5 Bxb5 6. Nxb5
Nfd7 7. e6 fxe6 8. O-O Qb6 9. c4 Nc6 10. d3 d4 11. Ng5 a6
12. Na3 e5 13. Nb1 g6 14. Nd2 Bh6 15. Nde4 Nf6 16. Qf3 Bxg5
17. Bxg5 Nxe4 18. Qxe4 Qc7 19. f4 Rf8 20. fxe5 Rxf1+ 21. Rxf1
Qxe5 22. Qh4 h5 23. Re1 Qd6 24. Qe4 Kd7 25. Bf4 e5 26. Bxe5
Qxe5 27. Qxc6+ Kxc6 28. Rxe5 Kd6 29. Rd5+ Kc6 30. Rg5 Rg8
31. h4 b6 32. Kh2 Kd6 33. g4 hxg4 34. Kg3 Ke6 35. a4 a5
36. Kxg4 Kf6 37. Rd5 Re8 38. Kf4 Re3 39. Rd6+ Re6 40. Rd7 Re2
41. Rd6+ Re6 42. Rxe6+ 1/2-1/2

[Event "European Team Championship"]
[Site "Reykjavik ISL"]
[Date "2015.11.19"]
[EventDate "2015.11.13"]
[Round "6.10"]
[Result "1/2-1/2"]
[White "Hristos Banikas"]
[Black "Mihail Marin"]
[WhiteElo "2609"]
[BlackElo "2589"]
[PlyCount "80"]

1. Nf3 d6 2. e4 Nf6 3. Nc3 e5 4. d4 exd4 5. Nxd4 Nc6 6. Bb5
Bd7 7. O-O Be7 8. Bxc6 bxc6 9. Qf3 O-O 10. Re1 c5 11. Nf5 Bxf5
12. Qxf5 Nd7 13. Nd5 Nb6 14. Bd2 Nxd5 15. exd5 Bf6 16. Rab1
Qc8 17. Qd3 Qb7 18. b4 cxb4 19. Rxb4 Qc8 20. Rc4 Qa6 21. a3
Rac8 22. g4 c6 23. g5 Be5 24. dxc6 Rxc6 25. Rxc6 Qxc6 26. f4
Bb2 27. Bb4 Rd8 28. Qe3 g6 29. c3 Rc8 30. Qd4 a5 31. Bxa5 Bxa3
32. Bb4 Bxb4 33. cxb4 d5 34. Kf2 Rb8 35. Kg3 Qc4 36. Qxc4 dxc4
37. Rb1 c3 38. Rc1 Rxb4 39. Rxc3 Kg7 40. h3 h6 1/2-1/2

[Event "European Team Championship"]
[Site "Reykjavik ISL"]
[Date "2015.11.19"]
[EventDate "2015.11.13"]
[Round "6.10"]
[Result "1-0"]
[White "Athanasios Mastrovasilis"]
[Black "Mircea-Emilian Parligras"]
[WhiteElo "2544"]
[BlackElo "2587"]
[PlyCount "71"]

1. d4 Nf6 2. c4 e6 3. Nc3 Bb4 4. e3 O-O 5. Bd3 d5 6. Ne2 dxc4
7. Bxc4 c5 8. O-O cxd4 9. exd4 Nc6 10. Qd3 Na5 11. Bb5 Bd7
12. Bg5 Be7 13. Rfd1 Bxb5 14. Qxb5 a6 15. Qd3 Rc8 16. Qf3 Re8
17. Bxf6 Bxf6 18. Ne4 Be7 19. N2c3 Qb6 20. d5 exd5 21. Nxd5
Qxb2 22. Qf5 Nc6 23. Rab1 Qe5 24. Nxe7+ Qxe7 25. Nd6 Rc7
26. Nxe8 Qxe8 27. Re1 Qf8 28. Rbd1 h6 29. h3 Qc8 30. Qxc8+
Rxc8 31. Rd7 Rb8 32. Rc7 Kf8 33. Rd1 a5 34. Rb1 Nd8 35. Rb6
Ra8 36. a4 1-0

[Event "European Team Championship"]
[Site "Reykjavik ISL"]
[Date "2015.11.19"]
[EventDate "2015.11.13"]
[Round "6.11"]
[Result "1/2-1/2"]
[White "Matej Sebenik"]
[Black "Zbynek Hracek"]
[WhiteElo "2528"]
[BlackElo "2609"]
[PlyCount "92"]

1. d4 Nf6 2. c4 e6 3. Nf3 b6 4. g3 Ba6 5. Qa4 Bb7 6. Bg2 c5
7. dxc5 bxc5 8. O-O Be7 9. Rd1 O-O 10. Nc3 Qb6 11. Bf4 Rd8
12. Rd2 Nc6 13. Rad1 Na5 14. Qb5 Qxb5 15. cxb5 Rac8 16. e4 h6
17. h4 Kf8 18. Ne1 Ke8 19. e5 Nh5 20. Bxb7 Nxb7 21. Be3 d5
22. exd6 Nxd6 23. Nf3 Nc4 24. Rxd8+ Rxd8 25. Rxd8+ Kxd8
26. Bc1 Kc7 27. Kf1 Bf6 28. Na4 Bd4 29. b4 Nd6 30. Nxc5 Bxc5
31. bxc5 Nxb5 32. Bb2 Kc6 33. g4 Nf6 34. g5 Ng4 35. Bxg7 h5
36. Nd2 e5 37. Ne4 Nd4 38. Ng3 Nf3 39. Nxh5 Nxh4 40. Nf6 Nxf6
41. Bxf6 Ng6 42. Ke2 Kxc5 43. Ke3 Kd5 44. a4 Nf4 45. a5 Ne6
46. Kf3 Nd4+ 1/2-1/2

[Event "European Team Championship"]
[Site "Reykjavik ISL"]
[Date "2015.11.19"]
[EventDate "2015.11.13"]
[Round "6.12"]
[Result "1/2-1/2"]
[White "Nikola Djukic"]
[Black "Ivan Saric"]
[WhiteElo "2553"]
[BlackElo "2652"]
[PlyCount "62"]

1. e4 g6 2. d4 d6 3. Nc3 Bg7 4. Be3 a6 5. Qd2 b5 6. Bd3 Bb7
7. a4 b4 8. Nce2 a5 9. c3 Nf6 10. f3 bxc3 11. bxc3 Nbd7
12. Nh3 O-O 13. O-O e6 14. Nf2 c6 15. Rab1 Qc7 16. Bh6 Ba6
17. Bxa6 Rxa6 18. Qg5 Rb8 19. Rxb8+ Qxb8 20. Ng3 Bxh6 21. Qxh6
Rb6 22. Qg5 c5 23. e5 dxe5 24. dxc5 Rc6 25. Nge4 Kg7 26. Ng4
Nxe4 27. fxe4 Qf8 28. Qh6+ Kg8 29. Qg5 Kg7 30. Qh6+ Kg8
31. Qg5 Kg7 1/2-1/2

[Event "European Team Championship"]
[Site "Reykjavik ISL"]
[Date "2015.11.19"]
[EventDate "2015.11.13"]
[Round "6.12"]
[Result "1/2-1/2"]
[White "Hrvoje Stevic"]
[Black "Dragisa Blagojevic"]
[WhiteElo "2604"]
[BlackElo "2481"]
[PlyCount "69"]

1. e4 e5 2. Nf3 Nc6 3. Bc4 Bc5 4. c3 Nf6 5. d3 O-O 6. O-O d5
7. exd5 Nxd5 8. a4 a6 9. Nbd2 Nb6 10. Ba2 Bg4 11. h3 Bh5
12. Ne4 Be7 13. Re1 Bg6 14. a5 Nc8 15. Bc4 Nd6 16. Bd5 Nxe4
17. dxe4 Bd6 18. Qb3 Rb8 19. Bxc6 bxc6 20. Qc4 Qc8 21. Qxc6 f6
22. Nd2 Rd8 23. Qc4+ Bf7 24. Qe2 Bf8 25. Nc4 Qb7 26. Ne3 Qxe4
27. Qxa6 Ra8 28. Qe2 Bb3 29. Qg4 Qc6 30. h4 Ra6 31. h5 Kf7
32. Qf5 Kg8 33. Qg4 Kf7 34. Qf5 Kg8 35. Qg4 1/2-1/2

[Event "European Team Championship"]
[Site "Reykjavik ISL"]
[Date "2015.11.19"]
[EventDate "2015.11.13"]
[Round "6.12"]
[Result "1-0"]
[White "Ante Brkic"]
[Black "Blazo Kalezic"]
[WhiteElo "2599"]
[BlackElo "2440"]
[PlyCount "55"]

1. e4 e6 2. d4 d5 3. Nc3 Nf6 4. e5 Nfd7 5. f4 c5 6. Nf3 Nc6
7. Be3 cxd4 8. Nxd4 Bc5 9. Qd2 O-O 10. O-O-O a6 11. Nb3 Bb4
12. Bd3 b5 13. g4 Bb7 14. Rhg1 Rc8 15. Rg3 Re8 16. Rh3 g6
17. Qf2 Na5 18. Nxa5 Qxa5 19. Qh4 Nf8 20. Bd4 Bc5 21. Bxc5
Rxc5 22. f5 exf5 23. gxf5 Qd8 24. f6 h5 25. Rg1 Bc8 26. Qxh5
Bxh3 27. Qh6 Ne6 28. Bxg6 1-0

[Event "European Team Championship"]
[Site "Reykjavik ISL"]
[Date "2015.11.19"]
[EventDate "2015.11.13"]
[Round "6.13"]
[Result "1/2-1/2"]
[White "Yannick Pelletier"]
[Black "Dragan Solak"]
[WhiteElo "2566"]
[BlackElo "2628"]
[PlyCount "84"]

1. d4 d5 2. c4 c6 3. Nf3 Nf6 4. Nc3 dxc4 5. a4 Bf5 6. Ne5 e6
7. f3 Bb4 8. e4 Bxe4 9. fxe4 Nxe4 10. Bd2 Qxd4 11. Nxe4 Qxe4+
12. Qe2 Bxd2+ 13. Kxd2 Qd5+ 14. Kc3 Na6 15. Nxc4 O-O 16. Qe5
Rad8 17. Be2 f6 18. Qe3 Nc7 19. Bf3 e5 20. b3 Qe6 21. Kb2 Nd5
22. Qe4 b5 23. axb5 cxb5 24. Rhd1 Nf4 25. g3 bxc4 26. gxf4
cxb3 27. Rxa7 Qb6 28. Rdd7 Rxd7 29. Rxd7 Kh8 30. f5 Qa5
31. Qb1 Rc8 32. Rd3 e4 33. Bxe4 Qe5+ 34. Kxb3 Rb8+ 35. Ka2
Qxh2+ 36. Ka3 h5 37. Rb3 Qd6+ 38. Ka2 Qd2+ 39. Qb2 Qa5+
40. Qa3 Qd2+ 41. Qb2 Qa5+ 42. Qa3 Qd2+ 1/2-1/2

[Event "European Team Championship"]
[Site "Reykjavik ISL"]
[Date "2015.11.19"]
[EventDate "2015.11.13"]
[Round "6.14"]
[Result "1-0"]
[White "Viorel Iordachescu"]
[Black "Jon Loftur Arnason"]
[WhiteElo "2581"]
[BlackElo "2500"]
[PlyCount "77"]

1. e4 c5 2. Nf3 d6 3. d4 cxd4 4. Nxd4 Nf6 5. Nc3 a6 6. Be3 Ng4
7. Bg5 h6 8. Bh4 g5 9. Bg3 Bg7 10. Be2 h5 11. h4 Nc6 12. Nb3
gxh4 13. Bxh4 Be6 14. Qd2 Rc8 15. f3 Nge5 16. Bf2 Na5 17. Nxa5
Qxa5 18. Bd4 Rg8 19. a3 Nc4 20. Bxc4 Rxc4 21. Bxg7 Rxg7
22. O-O-O Rg5 23. Kb1 f6 24. Rde1 Rgc5 25. Re3 b5 26. Rd1 b4
27. Nd5 Bxd5 28. axb4 Rxb4 29. exd5 Qb5 30. b3 a5 31. Rde1 Rc7
32. Re4 Qb7 33. Qd3 a4 34. Rxb4 Qxb4 35. Re4 Qc5 36. Rxa4 Qg1+
37. Kb2 Qxg2 38. Ra8+ Kf7 39. Qh7+ 1-0

[Event "European Team Championship"]
[Site "Reykjavik ISL"]
[Date "2015.11.19"]
[EventDate "2015.11.13"]
[Round "6.14"]
[Result "0-1"]
[White "Margeir Petursson"]
[Black "Vladimir Hamitevici"]
[WhiteElo "2520"]
[BlackElo "2430"]
[PlyCount "72"]

1. c4 e6 2. g3 d5 3. Nf3 Nf6 4. d4 Bb4+ 5. Nbd2 O-O 6. Bg2 b6
7. cxd5 exd5 8. O-O Bb7 9. Ne5 Re8 10. Ndf3 Ne4 11. Qc2 Bd6
12. b3 c5 13. Bb2 Nc6 14. Nxc6 Bxc6 15. dxc5 bxc5 16. Rfd1 Qe7
17. e3 a5 18. Rac1 a4 19. Ba1 axb3 20. axb3 Rab8 21. Ne1 h5
22. Nd3 Rb5 23. Qe2 Qg5 24. Nf4 Bxf4 25. gxf4 Qg6 26. Qc2 h4
27. Kh1 d4 28. f3 d3 29. Rxd3 Nf2+ 30. Qxf2 Qxd3 31. e4 Rxb3
32. Rg1 h3 33. Bxh3 Qxf3+ 34. Qxf3 Rxf3 35. Rxg7+ Kf8 36. Rh7
Bxe4 0-1

[Event "European Team Championship"]
[Site "Reykjavik ISL"]
[Date "2015.11.19"]
[EventDate "2015.11.13"]
[Round "6.15"]
[Result "1/2-1/2"]
[White "Helgi Dam Ziska"]
[Black "Hannes Stefansson"]
[WhiteElo "2523"]
[BlackElo "2602"]
[PlyCount "81"]

1. e4 e5 2. Nf3 Nc6 3. Bb5 a6 4. Ba4 Nf6 5. O-O Be7 6. d3 d6
7. c3 O-O 8. Re1 b5 9. Bc2 d5 10. Nbd2 dxe4 11. dxe4 Be6
12. a4 Ne8 13. Qe2 Nd6 14. Bd3 Rb8 15. Nf1 Bc4 16. Ne3 Bxd3
17. Qxd3 Qd7 18. axb5 axb5 19. Ra6 Bf6 20. h3 Ra8 21. Rxa8
Rxa8 22. Nd5 Bd8 23. Be3 Kh8 24. Bc5 Rb8 25. Ne3 Qe6 26. Qd5
Ne8 27. Qxe6 fxe6 28. Ra1 Bf6 29. Ra6 Nd8 30. Ng4 Nb7 31. Ba7
Ra8 32. Rxe6 Ned6 33. Nxf6 gxf6 34. Be3 Nxe4 35. Nd2 Nxd2
36. Bxd2 Kg7 37. Re7+ Kg6 38. Rxc7 Nd6 39. Be3 Nc4 40. Bc5
Nxb2 41. Rb7 1/2-1/2

[Event "European Team Championship"]
[Site "Reykjavik ISL"]
[Date "2015.11.19"]
[EventDate "2015.11.13"]
[Round "6.15"]
[Result "1-0"]
[White "Hedinn Steingrimsson"]
[Black "John Rodgaard"]
[WhiteElo "2566"]
[BlackElo "2350"]
[PlyCount "63"]

1. e4 e6 2. d4 d5 3. Nd2 Nf6 4. e5 Nfd7 5. f4 c5 6. c3 Nc6
7. Ndf3 Qb6 8. a3 a6 9. b3 Be7 10. h4 cxd4 11. cxd4 a5 12. h5
h6 13. Ra2 f6 14. Bd3 fxe5 15. fxe5 O-O 16. Ne2 Rxf3 17. gxf3
Ndxe5 18. dxe5 Nxe5 19. Nf4 Bd7 20. Ng6 Nxg6 21. Bxg6 Rf8
22. Rg2 Bf6 23. a4 Bc3+ 24. Kf1 e5 25. Qxd5+ Be6 26. Qb5 Qd4
27. Qd3 Qb4 28. Be4 Qxb3 29. Bxh6 Bc4 30. Rxg7+ Kh8 31. Rh7+
Kg8 32. Rg1# 1-0

[Event "European Team Championship"]
[Site "Reykjavik ISL"]
[Date "2015.11.19"]
[EventDate "2015.11.13"]
[Round "6.16"]
[Result "0-1"]
[White "Afrim Fejzullahu"]
[Black "Aloyzas Kveinys"]
[WhiteElo "2332"]
[BlackElo "2510"]
[PlyCount "84"]

1. e4 c5 2. Nf3 e6 3. d4 cxd4 4. Nxd4 a6 5. Nc3 Qc7 6. Be3 Nf6
7. a3 b5 8. f3 h5 9. Qd2 Bb7 10. h4 b4 11. axb4 Bxb4 12. Ra4
Be7 13. Nb3 d5 14. exd5 Nxd5 15. Nxd5 Bxd5 16. Kf2 O-O 17. g4
Bxf3 18. Rc4 Nc6 19. Bf4 Qb7 20. Rh2 hxg4 21. Bg2 Rad8 22. Qe3
Qb5 23. Bf1 Qd5 24. h5 e5 25. Bg5 e4 26. Bf4 Bd6 27. h6 Bxf4
28. Qxf4 Qd6 29. Qxd6 Rxd6 30. hxg7 Kxg7 31. Ke3 Ne7 32. Nd4
Rfd8 33. c3 Rf6 34. Rc5 Rd5 35. Rc7 Nf5+ 36. Nxf5+ Rdxf5
37. Rc8 g3 38. Rhh8 Rg6 39. Bh3 g2 40. Rcg8+ Kf6 41. Rxg6+
fxg6 42. Bxg2 Bxg2 0-1

[Event "European Team Championship"]
[Site "Reykjavik ISL"]
[Date "2015.11.19"]
[EventDate "2015.11.13"]
[Round "6.16"]
[Result "1-0"]
[White "Tautvydas Vedrickas"]
[Black "Perparim Makoli"]
[WhiteElo "2320"]
[BlackElo "2223"]
[PlyCount "73"]

1. d4 Nf6 2. c4 e6 3. Nc3 Bb4 4. Qc2 d5 5. cxd5 Qxd5 6. e3 Qf5
7. Bd3 Qa5 8. Nf3 c5 9. O-O Nc6 10. Nb5 cxd4 11. a3 Be7 12. b4
Qb6 13. Nbxd4 Nxd4 14. Nxd4 Bd7 15. Bb2 O-O 16. Nb3 Bb5
17. Bxb5 Qxb5 18. Rac1 Rfd8 19. Na5 Rd7 20. Rfd1 Rad8 21. Rxd7
Qxd7 22. Bd4 b6 23. Nc6 Re8 24. Qa4 Nd5 25. Qxa7 Qxa7 26. Nxa7
Ra8 27. Rc8+ Rxc8 28. Nxc8 Bf6 29. Nxb6 Bxd4 30. Nxd5 Bb2
31. Nf4 Bxa3 32. Nd3 Kf8 33. Kf1 Ke7 34. Ke2 Kd6 35. Kd2 Kd5
36. Kc3 Ke4 37. Kb3 1-0

[Event "European Team Championship"]
[Site "Reykjavik ISL"]
[Date "2015.11.19"]
[EventDate "2015.11.13"]
[Round "6.18"]
[Result "1/2-1/2"]
[White "Alan Tate"]
[Black "Robert Kreisl"]
[WhiteElo "2337"]
[BlackElo "2442"]
[PlyCount "73"]

1. e4 c6 2. d4 d5 3. e5 Bf5 4. h4 h5 5. Bd3 Bxd3 6. Qxd3 e6
7. Bg5 Be7 8. Nf3 Nh6 9. Bxh6 Rxh6 10. Nc3 Qa5 11. Ng5 c5
12. Qb5+ Qxb5 13. Nxb5 Na6 14. c3 cxd4 15. cxd4 Bb4+ 16. Ke2
Ke7 17. Rac1 Rhh8 18. a3 Ba5 19. Nd6 f6 20. Nxb7 Bb6 21. Nf3
Rhb8 22. Nd6 Bc7 23. b4 Bxd6 24. exd6+ Kxd6 25. Nd2 Nc7
26. Nb3 Nb5 27. a4 Na3 28. b5 Nc4 29. Nc5 e5 30. Ne4+ Ke6
31. Rhd1 Rc8 32. Nc5+ Kd6 33. Nb7+ Ke6 34. Nc5+ Kd6 35. Nb7+
Ke6 36. Nc5+ Kd6 37. Nb7+ 1/2-1/2

[Event "European Team Championship"]
[Site "Reykjavik ISL"]
[Date "2015.11.19"]
[EventDate "2015.11.13"]
[Round "6.18"]
[Result "1-0"]
[White "Mario Schachinger"]
[Black "Graham Morrison"]
[WhiteElo "2451"]
[BlackElo "2323"]
[PlyCount "75"]

1. d4 Nf6 2. c4 e6 3. Nf3 b6 4. g3 Bb7 5. Bg2 Be7 6. Nc3 Ne4
7. Bd2 f5 8. d5 Bf6 9. Qc2 Qe7 10. Nxe4 fxe4 11. Qxe4 Bxb2
12. Rb1 Bf6 13. O-O Na6 14. Nd4 Nc5 15. Qe3 O-O 16. Bb4 Bxd4
17. Qxd4 d6 18. f4 Rae8 19. e4 e5 20. fxe5 Rxf1+ 21. Rxf1 dxe5
22. Qe3 Rf8 23. Rxf8+ Kxf8 24. Bh3 Ke8 25. Be6 a5 26. Ba3 Ba6
27. Qc3 Nxe4 28. Qd3 Nc5 29. Qxh7 Qf6 30. Qg8+ Qf8 31. Bd7+
Ke7 32. Bxc5+ bxc5 33. Qe6+ Kd8 34. Qxa6 Kxd7 35. Qc6+ Kd8
36. Qa8+ Ke7 37. Qxf8+ Kxf8 38. Kf2 1-0

[Event "European Team Championship"]
[Site "Reykjavik ISL"]
[Date "2015.11.19"]
[EventDate "2015.11.13"]
[Round "6.18"]
[Result "0-1"]
[White "Andrew Burnett"]
[Black "Georg Froewis"]
[WhiteElo "2234"]
[BlackElo "2433"]
[PlyCount "66"]

1. e4 e6 2. d4 d5 3. Nc3 Bb4 4. Qd3 Ne7 5. Bg5 dxe4 6. Qxe4
Nbc6 7. Nf3 Qd5 8. Qd3 O-O 9. Bd2 Qa5 10. a3 e5 11. Rc1 Bd6
12. Nb5 Qb6 13. Nxd6 cxd6 14. dxe5 dxe5 15. Qb5 Qc7 16. Be3
Bg4 17. Be2 Nf5 18. Qc5 Rac8 19. Ng1 Bxe2 20. Nxe2 Rfe8
21. Ng3 Qd7 22. Nxf5 Qxf5 23. c3 Nd4 24. cxd4 Rxc5 25. dxc5
Qd3 26. Rc3 Qb1+ 27. Bc1 Qe4+ 28. Kf1 Qd5 29. Ke2 Rd8 30. f3
e4 31. Be3 Re8 32. f4 Rd8 33. g4 Qd7 0-1